Metodikai tézisek a sikeres iskola ügyében

Elmentve itt :
Bibliográfiai részletek
Szerző: Nanszákné Cserfalvi Ilona
Dokumentumtípus: Cikk
Megjelent: 2002
Sorozat:Módszertani közlemények 42 No. 5
Kulcsszavak:Neveléstudomány
Online Access:http://acta.bibl.u-szeged.hu/28554
LEADER 00641nab a2200181 i 4500
001 acta28554
005 20210222102304.0
008 161017s2002 hu o 0|| hun d
022 |a 1219-0608 
040 |a SZTE Egyetemi Kiadványok Repozitórium  |b hun 
041 |a hun 
100 2 |a Nanszákné Cserfalvi Ilona 
245 1 0 |a Metodikai tézisek a sikeres iskola ügyében  |h [elektronikus dokumentum] /  |c  Nanszákné Cserfalvi Ilona 
260 |c 2002 
300 |a 232-233 
490 0 |a Módszertani közlemények  |v 42 No. 5 
695 |a Neveléstudomány 
856 4 0 |u http://acta.bibl.u-szeged.hu/28554/1/modszertani_042_005_232-233.pdf  |z Dokumentum-elérés